Score 0/22 Timer 05:00
4 Plays Today
% Correct
Friends
96.5%
The Big Bang Theory
95.4%
Cheers
93.8%
The Fresh Prince of Bel-Air
92%
M*A*S*H
90.5%
I Love Lucy
87.4%
Roseanne
86.5%
The Golden Girls
86%
Scrubs
85.6%
Gilligan's Island
84.7%
The Jeffersons
77.9%
% Correct
The Dick Van Dyke Show
75.5%
Parks and Recreation
75.4%
Taxi
74.4%
The Andy Griffith Show
72.6%
Veep
72.1%
All in the Family
70.4%
Curb Your Enthusiasm
62.8%
The Office
59.2%
The Mary Tyler Moore Show
49.7%
Louie
48.9%
Barney Miller
45.9%
Remove Ads.
Support Sporcle.
Get the best of Sporcle when you Go Orange. This ad-free experience offers more features, more stats, and more fun while also helping to support Sporcle. Thank you for becoming a member.

You're not logged in!

Compare scores with friends on all Sporcle quizzes.
OR
Log In

Sporcle TV

Today on Sporcle TV


Watch our educational content, quiz creation guides, and fun videos on Sporcle TV.

Show Comments

Extras

Top Quizzes Today


Score Distribution

Paid Content

Your Account Isn't Verified!

In order to create a playlist on Sporcle, you need to verify the email address you used during registration. Go to your Sporcle Settings to finish the process.

Report this User

Report this user for behavior that violates our Community Guidelines.

Details: